000 00482nmm a2200157Ia 4500
008 251105s9999||||xx |||||||||||||||||und||
020 _a9788497885812
041 _aspa
100 _aMestre Chust, José Vicente
245 0 _aLa necesidad de la educación en Derechos Humanos
264 _a[Madrid, España] :
_bUniversitat Oberta de Catalunya,
_c2007
300 _a180 páginas
650 _aEducation
856 _uhttps://public.digitaliapublishing.com/a/20319
942 _cCF
999 _c90695
_d90695